书目信息 |
| 题名: |
郭沫若散文选集
|
|
| 作者: | 郭沫若 著 | |
| 分册: | ||
| 出版信息: | 北京 人民文学出版社 1992.01 |
|
| 页数: | 210页 | |
| 开本: | 32开 | |
| 丛书名: | ||
| 单 册: | ||
| 中图分类: | I266 | |
| 科图分类: | ||
| 主题词: | 散文--中国 , 散文--作品综合集--中国 | |
| 电子资源: | ||
| ISBN: | 7-5306-0847-9 | |
| 000 | 00596nam0 2200217 45 | |
| 001 | 9909271512 | |
| 005 | 20080923103727.57 | |
| 010 | @a7-5306-0847-9@dCNY 20.00 | |
| 100 | @a19990927d1992 km y0chiy0120 ea | |
| 101 | @achi | |
| 102 | @aCN@b110000 | |
| 200 | 1 | @a郭沫若散文选集@AGuo Mo Ruo San Wen Xuan Ji@f郭沫若著@Fguo mo ruo zhu |
| 210 | @a北京@c人民文学出版社@d1992.01 | |
| 215 | @a210页@d32开 | |
| 606 | 0 | @a散文@x中国 |
| 606 | 0 | @a散文@x作品综合集@x中国 |
| 690 | @aI266 | |
| 690 | @v3 | |
| 701 | 0 | @a郭沫若@Aguo mo ruo@4著 |
| 801 | @aCN@c20080923 | |
| 905 | @f3@b40748-750@dI266@eL.013/5 | |
| 郭沫若散文选集/郭沫若著.-北京:人民文学出版社,1992.01 |
| 210页;32开 |
| ISBN 7-5306-0847-9:CNY 20.00 |
| ● |
| 相关链接 |
|
|
|
正题名:郭沫若散文选集
索取号:I266/L.013/5
 
预约/预借
| 序号 | 登录号 | 条形码 | 馆藏地/架位号 | 状态 | 备注 |
| 1 | 398960 | 203989602 | 社科二线422/422社科库 51排1列5层/ [索取号:I266/L.013/5] | 在馆 | |
| 2 | 398961 | 203989611 | 社科二线400B/400B社科库 25排1列2层/ [索取号:I266/L.013/5] | 在馆 | |
| 3 | 398962 | 203989620 | 社科二线422/422社科库 51排3列3层/ [索取号:I266/L.013/5] | 在馆 | |
| 4 | 40748 | 200407489 | 文学库116/ [索取号:I266/L.013/5] | 在馆 | |
| 5 | 40749 | 200407498 | 社科二线400B/400B社科库 25排1列3层/ [索取号:I266/L.013/5] | 在馆 | |
| 6 | 40750 | 200407504 | 社科二线400B/400B社科库 16排3列6层/ [索取号:I266/L.013/5] | 在馆 | |
| 7 | 447102 | 204471026 | 社科二线400B/400B社科库 25排1列2层/ [索取号:I266/L.013/5] | 在馆 | |
| 8 | 449426 | 204494261 | 文学库116/116文学库 1排4列5层/ [索取号:I266/L.013/5] | 在馆 | |
| 9 | 449427 | 204494270 | 社科二线400B/400B社科库 25排1列2层/ [索取号:I266/L.013/5] | 在馆 | |
| 10 | 679028 | 206790285 | 社科二线422/422社科库 51排3列3层/ [索取号:I266/L.013/5] | 在馆 | |
| 11 | 679029 | 206790294 | 社科二线422/422社科库 51排6列3层/ [索取号:I266/L.013/5] | 在馆 | |
| 12 | 679030 | 206790301 | 文学库116/116文学库 1排4列5层/ [索取号:I266/L.013/5] | 在馆 |